000 00474nam a2200157Ia 4500
008 240729s9999 xx 000 0 und d
022 _a2474-7432
245 0 _aJournal of Interdisciplinary Teacher Leadership
260 _aUnited States
260 _bKenan Fellows Program for Teacher Leadership
650 _a Special aspects of education
650 _aEducation
856 _uhttps://doaj.org/toc/eda993bac6034793af1de326078334a1
942 _2ddc
942 _cDOAJEJ
999 _c68828
_d68828
945 _a1
_bMadushi Gamage
_c1
_dMadushi Gamage